000 01013cam a22003133a 4500
001 30939
003 PGUSA
005 20140828083653.0
008 100111s2010||||xxu|||||s|||||000 1 eng d
040 _aPGUSA
_beng
042 _adc
050 4 _aPR
100 1 _aStevenson, Robert Louis,
_d1850-1894
245 1 4 _aThe Works of Robert Louis Stevenson - Swanston Edition, Vol. 12
_h[electronic resource] /
_cRobert Louis Stevenson
260 _bProject Gutenberg,
_c2010
505 0 _aThe Master of Ballantrae.
506 _aPublic domain in the USA.
516 _aElectronic text
653 _aBrothers -- Fiction
653 _aRevenge -- Fiction
653 _aHistorical fiction
653 _aScotland -- History -- 18th century -- Fiction
653 _aPsychological fiction
653 _aAbsence and presumption of death -- Fiction
653 _aInheritance and succession -- Fiction
830 0 _aProject Gutenberg
_v30939
856 4 0 _uhttp://www.gutenberg.org/ebooks/30939
942 _cEB
999 _c260194
_d260194